000 01159nam a22002417a 4500
001 121389
008 230307s2022 xxk|||||o|||| 00| 0 eng d
020 _a9781783214822
041 _aeng
110 _aRoyal Institution of Chartered Surveyors
245 _aRICS sustainability report 2022
_h[Electronic resource]
260 _aLondon,
_bRoyal Institution of Chartered Surveyors,
_c2022
300 _a21p.
520 _aThe 2022 RICS sustainability report highlights the increasing need for sustainable strategies across the built environment to meet net zero commitments. It provides a global benchmark for issues of climate, carbon and sustainability practice, reflecting the sentiment of around 4000 real estate and construction professionals from across over 30 countries.
650 _aSUSTAINABILITY
650 _aBUILT ENVIRONMENT
650 _aENVIRONMENT
651 _aInternational
690 _96271
_aSustainability
710 _aRoyal Institution of Chartered Surveyors
856 _uhttps://www.rics.org/content/dam/ricsglobal/documents/surveying/2022%20RICS%20Sustainability%20Report.pdf
_zAvailable free on RICS.org
942 _n0
999 _c121389
_d121389